000 00433nam a2200181Ia 4500
001 7935
005 20260306160532.0
008 260306t2016||||xx |||||||||||||| ||spa||
041 _aESP
082 _a364
_bR63
100 _aRíos Patio, Gino
_eAUT
245 0 _aCriminología, enfoques multidisciplinarios
260 _c2016
300 _a217 páginas :
_c25 cm.
650 _aGEN
654 _aCPS
942 _cLIB
_dJUS
_fJUS
_2ddc
_n
999 _c7935
_d7935